Mīzān-i Iqbāl / (Record no. 331743)

000 -LEADER
fixed length control field 00649cam a22002057a 4500
001 - CONTROL NUMBER
control field 545751
003 - CONTROL NUMBER IDENTIFIER
control field NUST
005 - DATE AND TIME OF LATEST TRANSACTION
control field 20171023130734.0
008 - FIXED-LENGTH DATA ELEMENTS--GENERAL INFORMATION
fixed length control field 900221s1986 pk 000 0 urd
010 ## - LIBRARY OF CONGRESS CONTROL NUMBER
LC control number 87930688
020 ## - INTERNATIONAL STANDARD BOOK NUMBER
International Standard Book Number 9694162076
040 ## - CATALOGING SOURCE
Original cataloging agency DLC
Transcribing agency DLC
Modifying agency DLC
050 00 - LIBRARY OF CONGRESS CALL NUMBER
Classification number MLCMA 90/00569 (P)
082 ## - DEWEY DECIMAL CLASSIFICATION NUMBER
Classification number 891.4391
Author Mark MUN
100 1# - MAIN ENTRY--PERSONAL NAME
Personal name Munawwar, Muhammad,
Dates associated with a name 1923-2000.
9 (RLIN) 4
245 10 - TITLE STATEMENT
Title Mīzān-i Iqbāl /
Statement of responsibility, etc. Muḥammad Munavvar.
260 ## - PUBLICATION, DISTRIBUTION, ETC.
Place of publication, distribution, etc. Lāhore :
Name of publisher, distributor, etc. Iqbāl Akādmī Pākistān,
Date of publication, distribution, etc. 1986.
300 ## - PHYSICAL DESCRIPTION
Extent 232 p. ;
Dimensions 23 cm.
490 0# - SERIES STATEMENT
Series statement Silsilah-yi ishāʻat-i mukarrar
650 ## - SUBJECT ADDED ENTRY--TOPICAL TERM
Topical term or geographic name entry element Iqbaliyat
9 (RLIN) 81
880 ## - ALTERNATE GRAPHIC REPRESENTATION
Linkage 100-01\(3\r
Title محمد منور
880 ## - ALTERNATE GRAPHIC REPRESENTATION
Linkage 245-02\(3\r
Title میزان اقبال
c محمد منور
880 ## - ALTERNATE GRAPHIC REPRESENTATION
Linkage 260-03\(3\r
Title لاہور:
b اقبال اکادمی پاکستان،
c 2003
906 ## - LOCAL DATA ELEMENT F, LDF (RLIN)
a 7
b cbc
c orignew
d u
e ncip
f 19
g y-gencatlg
942 ## - ADDED ENTRY ELEMENTS (KOHA)
Source of classification or shelving scheme
Koha item type Book
Holdings
Withdrawn status Lost status Source of classification or shelving scheme Damaged status Not for loan Permanent Location Current Location Shelving location Date acquired Total Checkouts Full call number Barcode Date last seen Date last checked out Copy number Price effective from Koha item type
          Central Library (CL) Central Library (CL) Book Cart 10/23/2017 1 928.91439 MUN CL2120 02/04/2023 01/14/2023 1 10/23/2017 Book
© 2023 Central Library, National University of Sciences and Technology. All Rights Reserved.